[Event "AGAI     IIIII"]
[Site "SchemingMind.com"]
[Date "2019.01.02"]
[Round "-"]
[White "private napoleon"]
[Black "JAHI"]
[Result "1/2-1/2"]
[WhiteCountry "ENG"]
[BlackCountry "INT"]
[WhiteElo "1763"]
[WhiteRD "89"]
[BlackElo "2157"]
[BlackRD "82"]
[GameID "436507"]

1. e4 d6 2. d4 d5 3. e5 f6 4. exf6 Nxf6 5. Nf3 Bg4 6. Bf4 Bxf3 7. Qxf3 e6 8. Bd3 c6 9. O-O c5 10. c3 cxd4
11. cxd4 Nc6 12. Be5 Bb4 13. Nc3 Bxc3 14. bxc3 Qe7 15. Bb5 a6 16. Bxc6+ bxc6 17. Rab1 a5 18. Rb2 Rd8 19. Rfb1 Kf7 20. Rb6 Rhf8
21. Rxc6 Kg8 22. Bxf6 Rxf6 23. Qg3 Rf7 24. Re1 Qa3 25. Rcxe6 Qxa2 26. Re8+ Rxe8 27. Rxe8+ Rf8 28. Rxf8+ Kxf8 29. Qd6+ Kf7 30. Qd7+ Kf6
31. Qd6+ Kf7 32. Qd7+ Kf8 33. Qd8+=
1/2-1/2

[Event "AGAI     IIIII"]
[Site "SchemingMind.com"]
[Date "2019.01.01"]
[Round "-"]
[White "JAHI"]
[Black "private napoleon"]
[Result "1-0"]
[WhiteCountry "INT"]
[BlackCountry "ENG"]
[WhiteElo "2166"]
[WhiteRD "78"]
[BlackElo "1776"]
[BlackRD "92"]
[GameID "436508"]

1. c3 g6 2. d3 Bg7 3. g3 d5 4. c4 dxc4 5. dxc4 Qxd1+ 6. Kxd1 Nf6 7. Nc3 c6 8. Bg5 O-O 9. Bxf6 Bxf6 10. h3 Nd7
11. Nf3 Rd8 12. Ke1 Bxc3+ 13. bxc3 Nb6 14. Nd2 Be6 15. e3 Na4 16. Rc1 Nb6 17. Rh2 Rd7 18. g4 Rad8 19. f3 Na4 20. Nb3 b6
21. Nd4 Nc5 22. Nxc6 Rc8 23. Nd4 f6 24. Rd2 Bf7 25. Rcd1 e5 26. Nb5 Rcd8 27. Rxd7 Rxd7 28. Rxd7 a6 29. Rd8+ Kg7 30. Nd6
1-0

[Event "AGAI     IIIII"]
[Site "SchemingMind.com"]
[Date "2019.01.06"]
[Round "-"]
[White "Helga1946"]
[Black "Robert Hatfield"]
[Result "1-0"]
[WhiteCountry "GER"]
[BlackCountry "USA"]
[WhiteElo "2185"]
[WhiteRD "84"]
[BlackElo "1874"]
[BlackRD "74"]
[GameID "436509"]

1. c4 e5 2. Nc3 Nf6 3. d4 exd4 4. Qxd4 Nc6 5. Qe3+ Be7 6. Nd5 O-O 7. Bd2 Re8 8. Qf4 Bf8 9. Nxf6+ Qxf6 10. Qxf6 gxf6
11. e3 d6 12. Ne2 Bd7 13. Ng3 Ne5 14. Be2 Bg4 15. Bxg4 Nxg4 16. Rc1 Ne5 17. Rc3 Bg7 18. O-O Nd7 19. Nf5 h5 20. f3 Kh7
21. e4 h4 22. Be1
1-0

[Event "AGAI     IIIII"]
[Site "SchemingMind.com"]
[Date "2019.01.06"]
[Round "-"]
[White "Robert Hatfield"]
[Black "Helga1946"]
[Result "1-0"]
[WhiteCountry "USA"]
[BlackCountry "GER"]
[WhiteElo "1897"]
[WhiteRD "77"]
[BlackElo "2193"]
[BlackRD "81"]
[GameID "436510"]

1. e4 e5 2. Nf3 Nc6 3. Nc3 Bc5 4. Nxe5 Bxf2+ 5. Kxf2 Nxe5 6. d4 Nc6 7. Be3 d6 8. Be2 Qh4+ 9. Kg1 a6 10. Qd2 Qd8
11. Rf1 Nge7 12. h3 O-O 13. Kh2 Kh8 14. Rf2 f6 15. Rhf1 Bd7 16. a3 Ng6 17. Bd3 Nce7 18. Ne2 Re8 19. Ng3 b6 20. Nf5 Nxf5
21. exf5 Ne7 22. c4 b5 23. g4 bxc4 24. Bxc4 Bb5 25. Bxb5 axb5 26. Re2 Nd5 27. Rfe1 b4 28. axb4 Qb8 29. g5 Qxb4 30. gxf6 Qxd2
31. fxg7+ Kxg7 32. Bxd2 Rxe2+ 33. Rxe2 Ra5 34. Bxa5
1-0

[Event "AGAI     IIIII"]
[Site "SchemingMind.com"]
[Date "2019.01.02"]
[Round "-"]
[White "Allan Sedstrem"]
[Black "Derek Price"]
[Result "0-1"]
[WhiteCountry "SCO"]
[BlackCountry "ENG"]
[WhiteElo "1600"]
[WhiteRD "65"]
[BlackElo "2264"]
[BlackRD "77"]
[GameID "436511"]

1. d4 d5 2. c4 e6 3. e3 Nf6 4. Nf3 a6 5. Be2 dxc4 6. Bxc4 b5 7. Bb3 Bb7 8. Nbd2 Be7 9. O-O O-O 10. Bc2 c5
11. Nb3 c4 12. Nbd2 Qc7 13. Ne5 Nc6 14. f4 Nd5 15. Ne4 f5 16. Ng3 Nxe5 17. fxe5 Rac8 18. Ne2 c3 19. b3 Nb4 20. a3 Nxc2
21. Qxc2 Be4 22. Qd1 Qc6 23. Rf2 c2 24. Qd2 Qd5 25. Nc3 Qxb3 26. Nxe4 fxe4 27. Qa5 Qb1 28. Rxb1 cxb1=Q 29. Rf1 Rxf1+ 30. Kxf1 Qd3+
31. Ke1 Rxc1+ 32. Kf2 Bh4+ 33. g3 Qf1#
0-1

[Event "AGAI     IIIII"]
[Site "SchemingMind.com"]
[Date "2019.01.01"]
[Round "-"]
[White "Derek Price"]
[Black "Allan Sedstrem"]
[Result "1-0"]
[WhiteCountry "ENG"]
[BlackCountry "SCO"]
[WhiteElo "2264"]
[WhiteRD "77"]
[BlackElo "1600"]
[BlackRD "65"]
[GameID "436512"]

1. c4 c5 2. Nf3 Nc6 3. Nc3 Nf6 4. g3 e6 5. Bg2 d5 6. cxd5 exd5 7. d4 Be6 8. O-O Be7 9. dxc5 d4 10. Na4 O-O
11. a3 Qc7 12. b4 Rad8 13. Qc2 Rfe8 14. Bf4 Qd7 15. b5 Na5 16. c6 bxc6 17. Ne5 Qb7 18. Rfb1 Qc7 19. Nxf7 Bxf7 20. Bxc7 Rd7
21. Bxa5 c5 22. Nxc5 Bg6 23. Nd3 Bd8 24. Bxd8 Rdxd8 25. Re1 Rc8 26. Qa4 Rc7 27. Qxd4 Rd7 28. Qb4 Rde7 29. Bc6 Nd7 30. Qd6 Bxd3
31. Bxd7 Rxd7 32. Qxd7 Bg6 33. Rac1
1-0

[Event "AGAI     IIIII"]
[Site "SchemingMind.com"]
[Date "2019.01.01"]
[Round "-"]
[White "ray winteringham"]
[Black "Geoffrey Rosser"]
[Result "0-1"]
[WhiteCountry "ENG"]
[BlackCountry "ENG"]
[WhiteElo "1483"]
[WhiteRD "50"]
[BlackElo "1852"]
[BlackRD "62"]
[GameID "436513"]

1. e4 e5 2. d4 exd4 3. Qxd4 Nc6 4. Qd1 Nf6 5. f3 Be7 6. Bd3 O-O 7. Be3 d5 8. Ne2 dxe4 9. fxe4 Ne5 10. a3 Nfg4
11. Bd2 Bh4+ 12. g3 Nf3+ 13. Kf1 Nxd2+ 14. Qxd2 Bg5 15. Nf4 Ne5 16. Ke2 Bg4+ 17. Kf2 Qd4+ 18. Kf1 Bh3+ 19. Ke2 Ng4 20. Kf3 Ne5+
21. Ke2 Bg2 22. c3 Bf3+ 23. Kf1 Qb6 24. Nd5 Qh6 25. Qc2 Bxh1 26. Nxc7 Rad8 27. Nd5 Nxd3 28. Qxd3 Qxh2 29. Qd1 Qg2+ 30. Ke1 Qxg3+
31. Kf1 Qg2+
0-1

[Event "AGAI     IIIII"]
[Site "SchemingMind.com"]
[Date "2019.01.01"]
[Round "-"]
[White "Geoffrey Rosser"]
[Black "ray winteringham"]
[Result "1-0"]
[WhiteCountry "ENG"]
[BlackCountry "ENG"]
[WhiteElo "1852"]
[WhiteRD "62"]
[BlackElo "1483"]
[BlackRD "50"]
[GameID "436514"]

1. e4 g6 2. Nf3 Bg7 3. Bc4 d6 4. d4 Bg4 5. Bxf7+ Kf8 6. Bb3 Nd7 7. O-O e6 8. Qd3 Ne7 9. Ng5 Nf6 10. h3 h6
11. Nxe6+ Bxe6 12. Bxe6 Nc6 13. Nc3 Ne7 14. Qf3 Nc6 15. Be3 Qe7 16. Bb3 Ke8 17. Rfe1 Na5 18. Ba4+ c6 19. e5 dxe5 20. dxe5 Nd5
21. Nxd5 Qd8 22. Nf6+ Bxf6 23. exf6 Kf7 24. Rad1 Qc7 25. Bc5 Qc8 26. Re7+ Kg8 27. Bb3+ Nxb3 28. Qxb3+
1-0

[Event "AGAI     IIIII"]
[Site "SchemingMind.com"]
[Date "2019.01.02"]
[Round "-"]
[White "aliwood"]
[Black "spoke"]
[Result "0-1"]
[WhiteCountry "ENG"]
[BlackCountry "GER"]
[WhiteElo "1315"]
[WhiteRD "58"]
[BlackElo "1799"]
[BlackRD "74"]
[GameID "436516"]

1. Nf3 Nf6 2. d4 g6 3. c4 Bg7 4. e3 O-O 5. Bd3 d5 6. c5 b6 7. b4 bxc5 8. bxc5 c6 9. O-O Nbd7 10. Nc3 Re8
11. Rb1 e5 12. Be2 e4 13. Ne1 a5 14. Na4 Ba6 15. Bxa6 Rxa6 16. Qe2 Ra8 17. Nb6 Nxb6 18. cxb6 Nd7 19. b7 Ra7 20. Ba3 Qc7
21. Nc2 Rxb7 22. Rxb7 Qxb7 23. Qd2 Qb5 24. g3 Rb8 25. Bd6 Rb7 26. Qe1 Bf8 27. Bxf8 Kxf8 28. Na3 Qb4 29. Qxb4+ axb4 30. Nc2 b3
31. axb3 Rxb3 32. Kg2 Ke7 33. Ra1 Kd6 34. Ra8 h5 35. Ne1 Rb2 36. Nf3 exf3+ 37. Kxf3 Nf6 38. h3 Ne4 39. g4 Rxf2#
0-1

[Event "AGAI     IIIII"]
[Site "SchemingMind.com"]
[Date "2019.01.01"]
[Round "-"]
[White "krzysztof"]
[Black "Goz"]
[Result "1-0"]
[WhiteCountry "POL"]
[BlackCountry "ENG"]
[WhiteElo "1574"]
[WhiteRD "62"]
[BlackElo "1561"]
[BlackRD "76"]
[GameID "436519"]

1. Na3 e5 2. e4 Bxa3 3. bxa3 Nf6 4. Bb2 d6 5. Bc4 c6 6. h3 Nxe4 7. d3 Nc5 8. Qh5 Qf6 9. Ne2 O-O 10. O-O Bf5
11. Ng3 Bg6 12. Qg4 d5 13. Bb3 Nbd7 14. Rae1 d4 15. f4 Nxb3 16. axb3 Qd6 17. f5 Nf6 18. Qh4 Bxf5 19. Nxf5 Qc5 20. Rc1 Rae8
21. Qg5 Nh5 22. g4 Kh8 23. gxh5 Rg8 24. Qd2 f6 25. Rf2 Qd5 26. Rcf1 b6 27. Rg2 Qd7 28. a4 c5 29. b4 Rc8 30. b5 Rcd8
31. Qf2 Qf7 32. Qf3 Rd7 33. Bc1 c4 34. Rg3 cxd3 35. cxd3 Qa2 36. Rf2 Qxa4 37. Rfg2 g5 38. hxg6 Rxg6 39. Rxg6 hxg6 40. Rxg6 Rh7
41. Rh6 Qxb5 42. Rxh7+ Kxh7 43. Qh5+ Kg8 44. Qg6+
1-0

[Event "AGAI     IIIII"]
[Site "SchemingMind.com"]
[Date "2019.01.02"]
[Round "-"]
[White "Goz"]
[Black "krzysztof"]
[Result "0-1"]
[WhiteCountry "ENG"]
[BlackCountry "POL"]
[WhiteElo "1561"]
[WhiteRD "72"]
[BlackElo "1521"]
[BlackRD "67"]
[GameID "436520"]

1. d4 d5 2. e3 c6 3. h3 Bf5 4. Bd3 Qd7 5. Ne2 Nf6 6. Bxf5 e6 7. Bd3 Na6 8. Bxa6 bxa6 9. Nbc3 Bb4 10. a3 Ba5
11. b4 Bb6 12. O-O Ne4 13. Nxe4 dxe4 14. Ng3 f5 15. f4 g6 16. c4 Bc7 17. c5 h5 18. h4 O-O-O 19. Ne2 Rdg8 20. g3 Rd8
21. Bb2 Rhg8 22. Qb3 g5 23. Kh2 gxh4 24. Rg1 Rg4 25. Rg2 Rdg8 26. Rag1 hxg3+ 27. Nxg3 Qg7 28. Qxe6+ Kb7 29. d5 Rh4#
0-1

[Event "AGAI     IIIII"]
[Site "SchemingMind.com"]
[Date "2019.01.13"]
[Round "-"]
[White "Geoffrey Rosser"]
[Black "Robert Bruce"]
[Result "0-1"]
[WhiteCountry "ENG"]
[BlackCountry "SCO"]
[WhiteElo "1838"]
[WhiteRD "61"]
[BlackElo "2322"]
[BlackRD "69"]
[GameID "436990"]

1. e4 c6 2. d4 d5 3. Nc3 dxe4 4. Nxe4 Bf5 5. Ng3 Bg6 6. Nf3 Nd7 7. Bd3 e6 8. O-O Ngf6 9. Ng5 Bxd3 10. Qxd3 h6
11. Nxe6 fxe6 12. Qg6+ Ke7 13. Nf5+ exf5 14. Re1+ Ne4 15. Qxf5 Nf6 16. c3 Qd7 17. Qf4 g5 18. Qe5+ Kf7 19. Rxe4 Bd6
0-1

[Event "AGAI     IIIII"]
[Site "SchemingMind.com"]
[Date "2019.01.17"]
[Round "-"]
[White "Robert Bruce"]
[Black "Geoffrey Rosser"]
[Result "1-0"]
[WhiteCountry "SCO"]
[BlackCountry "ENG"]
[WhiteElo "2322"]
[WhiteRD "69"]
[BlackElo "1838"]
[BlackRD "61"]
[GameID "436991"]

1. d4 Nf6 2. Nf3 g6 3. g3 d5 4. Bg2 Bg7 5. c4 O-O 6. cxd5 Nxd5 7. O-O Nc6 8. Nc3 Nxc3 9. bxc3 Rb8 10. Bf4 b6
11. Re1 Bb7 12. Rc1 e6 13. e4 f6 14. d5 exd5 15. exd5 Ne5 16. c4 Nxf3+ 17. Qxf3 Rf7 18. Qa3 a5 19. c5 Bxd5 20. cxb6 Rxb6
21. Bxc7 Rxc7 22. Bxd5+ Qxd5 23. Re8+
1-0

[Event "AGAI     IIIII"]
[Site "SchemingMind.com"]
[Date "2019.02.10"]
[Round "-"]
[White "Omahony"]
[Black "Chessibelle"]
[Result "1-0"]
[WhiteCountry "ENG"]
[BlackCountry "ENG"]
[WhiteElo "1794"]
[WhiteRD "70"]
[BlackElo "1194"]
[BlackRD "59"]
[GameID "438195"]

1. d4 d5 2. e3 e6 3. Bd3 Ne7 4. Nd2 g6 5. f4 Bg7 6. Ngf3 O-O 7. O-O Nd7 8. Ne5 f6 9. Nxd7 Qxd7 10. Nf3 b6
11. b3 Qe8 12. Ba3 f5 13. Qe2 c6 14. Ne5 Rb8 15. Bxe7 Qxe7 16. Nxc6 Qd6 17. Nxb8 Qxb8 18. c4 Bb7 19. Rac1 Qd8 20. g3 a5
21. cxd5 Qxd5 22. Kf2 Qg2+ 23. Ke1 Qd5 24. Kd2 Qd6 25. Rc2 Qb4+ 26. Kd1 h6 27. Qd2 Qd6 28. Qe2 Bf6 29. Kc1 g5 30. Kb1 g4
31. Rfc1 Bg7 32. Rc7 Ba8 33. R1c3 Bf6 34. Qc2 Qd5 35. Ra7 Bc6 36. Rxc6 Qh1+ 37. Kb2 Qd5 38. Rcc7 Qd6 39. Rd7 Qb8 40. Bc4 Re8
41. Qxf5 Rf8 42. Qh7#
1-0

[Event "AGAI     IIIII"]
[Site "SchemingMind.com"]
[Date "2019.02.10"]
[Round "-"]
[White "Chessibelle"]
[Black "Omahony"]
[Result "0-1"]
[WhiteCountry "ENG"]
[BlackCountry "ENG"]
[WhiteElo "1194"]
[WhiteRD "59"]
[BlackElo "1794"]
[BlackRD "70"]
[GameID "438196"]

1. Nf3 d5 2. d4 c6 3. Nbd2 Bf5 4. b4 e6 5. g3 h6 6. Bg2 Nf6 7. O-O Bxb4 8. e3 Bd6 9. Nb3 Nbd7 10. Re1 O-O
11. c3 Ne4 12. Bb2 Rc8 13. Qe2 c5 14. h4 Rc7 15. Nh2 Qe7 16. Nd2 Ndf6 17. f3 Nxg3 18. Qd1 cxd4 19. exd4 Ngh5 20. Bc1 Nf4
21. Bf1 Rxc3 22. Bb2 Rc2 23. Bc1 Rfc8 24. Nb3 b6 25. Ba6 R8c7 26. a4 N6h5 27. Be3 Qxh4 28. Nd2 Qg3+ 29. Kf1 Qg2#
0-1

[Event "AGAI     IIIII"]
[Site "SchemingMind.com"]
[Date "2019.02.19"]
[Round "-"]
[White "John Hamer"]
[Black "Phillip Beckett"]
[Result "1-0"]
[WhiteCountry "ENG"]
[BlackCountry "ENG"]
[WhiteElo "2005"]
[WhiteRD "68"]
[BlackElo "1526"]
[BlackRD "52"]
[GameID "438383"]

1. d4 d5 2. Nf3 Nf6 3. g3 e6 4. Bg2 c5 5. O-O Nc6 6. b3 Bd6 7. Bb2 cxd4 8. Nxd4 Nxd4 9. Qxd4 O-O 10. c4 dxc4
11. Qxc4 Rb8 12. Nc3 Bd7 13. Rfd1 Qc7 14. Qd3 Bc5 15. Rac1 Qb6 16. e3 Bc6 17. Bxc6 bxc6 18. Na4 Rfd8 19. Qc2 Rxd1+ 20. Rxd1 Qb4
21. Nxc5 Nd5 22. Na6
1-0

[Event "AGAI     IIIII"]
[Site "SchemingMind.com"]
[Date "2019.02.19"]
[Round "-"]
[White "Phillip Beckett"]
[Black "John Hamer"]
[Result "0-1"]
[WhiteCountry "ENG"]
[BlackCountry "ENG"]
[WhiteElo "1526"]
[WhiteRD "52"]
[BlackElo "2005"]
[BlackRD "68"]
[GameID "438384"]

1. d4 Nf6 2. c4 d5 3. cxd5 Nxd5 4. Nc3 g6 5. e4 Nb6 6. Bc4 Nxc4 7. Qb3 Qxd4 8. Nf3 Qc5 9. Nd5 Na6 10. Nd4 Qxd4
11. Be3 Qxe4 12. O-O Qxd5 13. Rad1 Qc6 14. Qd3 Bf5 15. Qc3 Nxe3 16. Qxc6+ bxc6
0-1

[Event "AGAI     IIIII"]
[Site "SchemingMind.com"]
[Date "2019.03.04"]
[Round "-"]
[White "spoke"]
[Black "John Hamer"]
[Result "1-0"]
[WhiteCountry "GER"]
[BlackCountry "ENG"]
[WhiteElo "1801"]
[WhiteRD "71"]
[BlackElo "1942"]
[BlackRD "66"]
[GameID "439008"]

1. e4 e5 2. Nf3 Nc6 3. Bc4 Bc5 4. c3 Nf6 5. d4 exd4 6. cxd4 Bb4+ 7. Nc3 Nxe4 8. O-O Bxc3 9. d5 Ne5 10. Qe2 O-O
11. Qxe4 Nxc4 12. Qxc4 Ba5 13. Bg5 f6 14. d6+ Kh8 15. Bf4 c6 16. b4 b5 17. Qc3 Bb6 18. Rfe1 Re8 19. Rxe8+ Qxe8 20. Re1 Qh5
21. Re7 Ba6 22. Rxd7 Rc8 23. Qe1 Qd5 24. Re7 Rf8 25. Re8 Rg8 26. Rxg8+ Qxg8 27. d7 Bd8 28. Qe8 Bb6 29. Be3 c5 30. Bxc5 Bd8
31. Be7 Bb6= 32. Qxg8+
1-0

[Event "AGAI     IIIII"]
[Site "SchemingMind.com"]
[Date "2019.03.04"]
[Round "-"]
[White "John Hamer"]
[Black "spoke"]
[Result "1/2-1/2"]
[WhiteCountry "ENG"]
[BlackCountry "GER"]
[WhiteElo "1942"]
[WhiteRD "66"]
[BlackElo "1801"]
[BlackRD "71"]
[GameID "439009"]

1. b3 e5 2. Bb2 Nc6 3. c4 Nf6 4. d3 d5 5. cxd5 Qxd5 6. Nc3 Bb4 7. e4 Qd6 8. Nf3 Bg4 9. Be2 O-O 10. O-O Rad8
11. Rc1 Bxf3 12. Bxf3 Qxd3 13. Nd5 Qxd1 14. Rfxd1 Bd6 15. Nxf6+ gxf6 16. Rd5 Nb4 17. Ra5 Nd3 18. Rc2 Nxb2 19. Rxb2 a6 20. Rd5 Ba3
21. Rbd2 Rxd5 22. Rxd5 Bd6 23. g3 Rd8 24. Bg4 Kf8=
1/2-1/2

[Event "AGAI     IIIII"]
[Site "SchemingMind.com"]
[Date "2019.03.06"]
[Round "-"]
[White "clare1347"]
[Black "JAHI"]
[Result "0-1"]
[WhiteCountry "ENG"]
[BlackCountry "INT"]
[WhiteElo "2347"]
[WhiteRD "96"]
[BlackElo "2120"]
[BlackRD "83"]
[GameID "439085"]

1. e4 d6 2. d4 d5 3. exd5 Qxd5 4. Nf3 Bg4 5. Nc3 Qa5 6. Bc4 e6 7. h3 Bxf3 8. Qxf3 c6 9. Bd2 Bb4 10. Qg3 Ne7
11. Qxg7 Rg8 12. Qxh7 Rxg2 13. O-O-O Bxc3 14. Bxc3 Qf5 15. Qxf5 Nxf5 16. Rdg1 Rxf2 17. Rg8+ Kd7 18. Bd3 b6 19. Be1 Rf3 20. Bxf5 Rxf5
21. h4 f6 22. h5 Rg5 23. h6 Rxg8 24. h7 Rh8 25. Rh6 Ke7 26. Bh4 Nd7 27. Be1 Kf7 28. Rh3 Nf8 29. Rc3 Nxh7 30. Rxc6 Rac8
31. Rxc8 Rxc8 32. b3 Ng5 33. Kb2 f5 34. a4 f4 35. c4 f3 36. Kc2 Nh3 37. Kd3 f2
0-1

[Event "AGAI     IIIII"]
[Site "SchemingMind.com"]
[Date "2019.03.06"]
[Round "-"]
[White "JAHI"]
[Black "clare1347"]
[Result "0-1"]
[WhiteCountry "INT"]
[BlackCountry "ENG"]
[WhiteElo "1897"]
[WhiteRD "69"]
[BlackElo "2304"]
[BlackRD "98"]
[GameID "439086"]

1. c3 e5 2. d3 Nc6 3. d4 d5 4. dxe5 Nxe5 5. Nf3 Nxf3+ 6. exf3 Nf6 7. Bg5 Bd6 8. Bxf6 Qxf6 9. Qxd5 Bf5 10. Qb5+ Bd7
11. Qe2+ Kf8 12. Qc2 Re8+ 13. Be2 Bb5 14. c4 Bxc4 15. Nc3 Qg6 16. Qxg6 hxg6 17. Kf1 Bxe2+ 18. Nxe2 Rh5 19. Nc3 Be5 20. Rc1 Bxc3
21. Rxc3 Rd5 22. g3 Rd2 23. Rxc7 Ree2 24. Kg2 Rxf2+ 25. Kh3 Rxb2 26. Rd1 Rfd2 27. Rxd2 Rxd2 28. Rxb7 Rxa2 29. Kg4 f6 30. Kf4 Ra4+
31. Ke3 g5 32. h3 a5 33. Kd3 Kg8 34. Rb8+ Kh7 35. Rb3 Ra1 36. Ke3 a4 37. Rb2 a3 38. Re2 Kg6 39. Ke4 a2 40. f4 gxf4
41. gxf4 Kh5 42. Kf5 Kh4 43. Rb2 g5 44. Kxf6 gxf4 45. Kf5 Kg3 46. Rb3+ f3 47. Ra3 Kg2
0-1

[Event "AGAI     IIIII"]
[Site "SchemingMind.com"]
[Date "2019.04.08"]
[Round "-"]
[White "Robert Bruce"]
[Black "spoke"]
[Result "1-0"]
[WhiteCountry "SCO"]
[BlackCountry "GER"]
[WhiteElo "2384"]
[WhiteRD "68"]
[BlackElo "1801"]
[BlackRD "71"]
[GameID "439946"]

1. f4 d5 2. Nf3 g6 3. d3 Bg7 4. e4 dxe4 5. dxe4 Nf6 6. Qxd8+ Kxd8 7. Nc3 Nc6 8. e5 Nd7 9. Ng5 Ke8 10. Nd5 Rb8
11. Nxc7+
1-0

[Event "AGAI     IIIII"]
[Site "SchemingMind.com"]
[Date "2019.04.07"]
[Round "-"]
[White "spoke"]
[Black "Robert Bruce"]
[Result "0-1"]
[WhiteCountry "GER"]
[BlackCountry "SCO"]
[WhiteElo "1795"]
[WhiteRD "77"]
[BlackElo "2382"]
[BlackRD "69"]
[GameID "439947"]

1. e4 Nf6 2. Nc3 e5 3. Nf3 Nc6 4. Bb5 Bb4 5. O-O O-O 6. d3 d5 7. exd5 Nxd5 8. Nxd5 Qxd5 9. Bc4 Qd8 10. a3 Bd6
11. Bg5 Qe8 12. Re1 Be6 13. Bb5 f6 14. Bh4 a6 15. Ba4 b5 16. Bb3 Bxb3 17. cxb3 Bc5 18. Rc1 Bb6 19. Qc2 Ne7 20. b4 Nf5
21. d4 Nxd4 22. Nxd4 Bxd4 23. Qb3+ Qf7 24. Qc2 a5 25. bxa5 Rxa5 26. Qd3 Bxb2 27. Rb1 Rxa3 28. Qxb5 Bd4
0-1

[Event "AGAI     IIIII"]
[Site "SchemingMind.com"]
[Date "2019.04.19"]
[Round "-"]
[White "Robert Hatfield"]
[Black "Derek Price"]
[Result "0-1"]
[WhiteCountry "USA"]
[BlackCountry "ENG"]
[WhiteElo "1916"]
[WhiteRD "73"]
[BlackElo "2259"]
[BlackRD "78"]
[GameID "440360"]

1. c4 e5 2. g3 Nf6 3. Bg2 c6 4. d4 exd4 5. Qxd4 d5 6. cxd5 cxd5 7. Nf3 Nc6 8. Qa4 Bc5 9. O-O O-O 10. Bg5 h6
11. Bxf6 Qxf6 12. Nc3 Be6 13. Rac1 Bb6 14. Rfd1 d4 15. Ne4 Qe7 16. Ne1 Rae8 17. Nd3 Bf5 18. f3 Ne5 19. Kh1 Ng4 20. fxg4 Bxe4
21. Nf4 Bxg2+ 22. Kxg2 Qe4+ 23. Kh3 g5 24. Nh5 f5 25. Qc4+ Kh7 26. gxf5 g4+ 27. Kh4 Bd8+
0-1

[Event "AGAI     IIIII"]
[Site "SchemingMind.com"]
[Date "2019.04.17"]
[Round "-"]
[White "Derek Price"]
[Black "Robert Hatfield"]
[Result "1-0"]
[WhiteCountry "ENG"]
[BlackCountry "USA"]
[WhiteElo "2259"]
[WhiteRD "78"]
[BlackElo "1916"]
[BlackRD "73"]
[GameID "440361"]

1. c4 c5 2. Nf3 Nf6 3. Nc3 Nc6 4. g3 e6 5. Bg2 d5 6. cxd5 exd5 7. d4 cxd4 8. Nxd4 Bb4 9. O-O Bxc3 10. bxc3 O-O
11. Bg5 Bg4 12. h3 Nxd4 13. cxd4 Be6 14. Rc1 h6 15. Bxf6 Qxf6 16. Rc7 Rab8 17. Qd2 Rfd8 18. Rfc1 Qg6 19. Qb2 Qh5 20. h4 g5
21. hxg5 Qxg5 22. e3 h5 23. Rxb7 Rxb7 24. Qxb7 h4 25. gxh4 Qxh4 26. Qxa7 Kg7 27. Qc7 Rd7 28. Qe5+
1-0

[Event "AGAI     IIIII"]
[Site "SchemingMind.com"]
[Date "2019.05.25"]
[Round "-"]
[White "Derek Price"]
[Black "krzysztof"]
[Result "1-0"]
[WhiteCountry "ENG"]
[BlackCountry "POL"]
[WhiteElo "2278"]
[WhiteRD "76"]
[BlackElo "1577"]
[BlackRD "74"]
[GameID "441608"]

1. c4 c5 2. Nf3 Nc6 3. Nc3 e5 4. g3 d6 5. Bg2 Be6 6. d3 Qd7 7. Ng5 h6 8. Nxe6 fxe6 9. O-O Nf6 10. Bd2 Be7
11. a3 a6 12. b4 Nd4 13. e3 Nc6 14. Qb3 d5 15. cxd5 Nxd5 16. Nxd5 exd5 17. Bxd5 O-O-O 18. Be6 Qxe6 19. Qxe6+ Kb8 20. bxc5 Rhe8
21. Qc4 e4 22. d4 Rd7 23. Rab1 b5 24. cxb6 Rc8 25. Qxa6 Rb7 26. Rfc1 Bd8 27. d5 Rcc7 28. bxc7+ Kxc7 29. Qxc6+ Kb8 30. Qxb7#
1-0

[Event "AGAI     IIIII"]
[Site "SchemingMind.com"]
[Date "2019.05.25"]
[Round "-"]
[White "krzysztof"]
[Black "Derek Price"]
[Result "0-1"]
[WhiteCountry "POL"]
[BlackCountry "ENG"]
[WhiteElo "1577"]
[WhiteRD "74"]
[BlackElo "2278"]
[BlackRD "76"]
[GameID "441609"]

1. e3 Nf6 2. Bc4 d5 3. Bb3 e6 4. d4 Bd6 5. Ba4+ c6 6. Nf3 Nbd7 7. Nc3 O-O 8. Ne2 e5 9. c3 e4 10. Nh4 Nb6
11. Bb3 g5 12. g3 gxh4 13. gxh4 Kh8 14. Bd2 Rg8 15. Qc2 Bg4 16. Ng3 Bf3 17. Rg1 Ng4 18. h3 Nxf2 19. Kxf2 Qxh4 20. Raf1 Bxg3+
21. Rxg3 Qxg3#
0-1

[Event "AGAI     IIIII"]
[Site "SchemingMind.com"]
[Date "2019.11.05"]
[Round "-"]
[White "clare1347"]
[Black "Derek Price"]
[Result "1-0"]
[WhiteCountry "ENG"]
[BlackCountry "ENG"]
[WhiteElo "2321"]
[WhiteRD "88"]
[BlackElo "2279"]
[BlackRD "83"]
[GameID "447505"]

1. e4 c5 2. Nc3 Nc6 3. g3 g6 4. Nge2 Bg7 5. Bg2 d6 6. O-O e6 7. d3 Nge7 8. Rb1 O-O 9. Be3 Nd4 10. Bg5 h6
11. Bd2 Nec6 12. Nxd4 cxd4 13. Ne2 Qb6 14. c4 a5 15. f4 Bd7 16. a3 Rfd8 17. b4 axb4 18. axb4 Ra2 19. Nc1 Ra7 20. g4 Rda8
21. b5 Ne7 22. f5 f6 23. fxe6 Bxe6 24. Nb3 Rf8 25. Bc1 Ra2 26. Rb2 Raa8 27. Rbf2 g5 28. Bd2 Ng6 29. Bc1 Ne7 30. Bb2 Ng6
31. Nxd4 Bd7 32. Kh1 Nf4 33. Rxf4 gxf4 34. Nf5 Bxf5 35. exf5 Kh7 36. Rxf4 Rfe8 37. Bd4 Qc7 38. Bd5 Ra2 39. Rf2 Rxf2 40. Bxf2 Qe7
41. Qf3 Rb8 42. Kg2 b6 43. Bd4 Qe8 44. Qf2 Qd8 45. h4 Kh8 46. Be3 Kh7 47. Bd4 Kh8 48. g5 Qe7 49. Kh3 Re8 50. g6 Qa7
51. Bxb6 Qa3 52. Qf3 Qb2 53. Bf2 Rb8 54. Qe3 Qa1 55. b6 Bf8 56. b7 Qf1+ 57. Bg2 Qa1 58. Bg3 Qa5 59. Qe6 Qb6 60. Qxf6+ Bg7
61. Qxd6 Qxd6 62. Bxd6 Rxb7 63. Bxb7
1-0

[Event "AGAI     IIIII"]
[Site "SchemingMind.com"]
[Date "2019.11.05"]
[Round "-"]
[White "Derek Price"]
[Black "clare1347"]
[Result "1/2-1/2"]
[WhiteCountry "ENG"]
[BlackCountry "ENG"]
[WhiteElo "2315"]
[WhiteRD "76"]
[BlackElo "2282"]
[BlackRD "83"]
[GameID "447506"]

1. c4 e5 2. Nc3 Nf6 3. Nf3 Nc6 4. g3 Bb4 5. Bg2 d6 6. O-O Bg4 7. h3 Bd7 8. d3 h6 9. Bd2 a5 10. a3 Bc5
11. e3 O-O 12. Nd5 Nxd5 13. cxd5 Ne7 14. d4 exd4 15. Nxd4 Bxd4 16. exd4 Nf5 17. Bc3 Re8 18. Qd3 a4 19. Rfe1 Rxe1+ 20. Rxe1 Rc8
21. Qe2 Qf6 22. Qf3 Qg6 23. Qd3 Qg5 24. Bd2 Qf6 25. Be4 Re8 26. Bc3 Ne7 27. Kg2 Ng6 28. h4 Qd8 29. Bd2 Qc8 30. Kh2 f5
31. Bf3 Rxe1 32. Bxe1 Nf8 33. Bd2 Nh7 34. Qe2 Nf6 35. Kg1 b6 36. Bf4 Qa8 37. Qc4 Qb7 38. b3 b5 39. Qb4 axb3 40. Qxb3 Qa7
41. Be3 Kf7 42. Kg2 Ke7=
1/2-1/2